Behaviour change for sustainability
Saved in:
| Main Authors | , , |
|---|---|
| Format | Electronic eBook |
| Language | English |
| Published |
London :
Routledge, Taylor & Francis Group,
2017.
|
| Subjects | |
| Online Access | Full text |
| ISBN | 9781351274869 9781909293946 |
| Physical Description | 1 online zdroj. |
Cover
| LEADER | 00000nam a2200000 i 4500 | ||
|---|---|---|---|
| 001 | 115502 | ||
| 003 | CZ-ZlUTB | ||
| 005 | 20260416150146.0 | ||
| 006 | m o d | ||
| 007 | cr cnu|||unuuu | ||
| 008 | 171004s2017 enk ob 000 0 eng d | ||
| 040 | |a EBZ |b eng |c EBZ |e rda | ||
| 020 | |a 9781351274869 |q (electronic bk.) | ||
| 020 | |z 9781909293946 | ||
| 100 | 1 | |a Corner, Adam, |e author. | |
| 245 | 1 | 0 | |a Behaviour change for sustainability / |c Adam Corner, Gareth Kane, Paula Owen. |
| 264 | 1 | |a London : |b Routledge, Taylor & Francis Group, |c 2017. | |
| 300 | |a 1 online zdroj. | ||
| 336 | |a text |b txt |2 rdacontent | ||
| 337 | |a počítač |b c |2 rdamedia | ||
| 338 | |a online zdroj |b cr |2 rdacarrier | ||
| 504 | |a Obsahuje bibliografické odkazy. | ||
| 506 | |a Plný text je dostupný pouze z IP adres počítačů Univerzity Tomáše Bati ve Zlíně nebo vzdáleným přístupem pro zaměstnance a studenty | ||
| 588 | 0 | |a Vendor-supplied metadata. | |
| 650 | 0 | |a Industrial management |x Environmental aspects. | |
| 650 | 0 | |a Business enterprises |x Environmental aspects. | |
| 650 | 0 | |a Sustainable development |x Psychological aspects. | |
| 650 | 0 | |a Sustainability |x Psychological aspects. | |
| 655 | 7 | |a elektronické knihy |7 fd186907 |2 czenas | |
| 655 | 9 | |a electronic books |2 eczenas | |
| 700 | 1 | |a Kane, Gareth, |e author. | |
| 700 | 1 | |a Owen, Paula, |e author. | |
| 856 | 4 | 0 | |u https://search.ebscohost.com/login.aspx?direct=true&scope=site&db=nlebk&db=nlabk&AN=1608801&authtype=ip,shib&custid=s3936755 |
| 992 | |c EBOOK-TN |c EBSCO | ||
| 993 | |x NEPOSILAT |y EIZ | ||
| 999 | |c 115502 |d 115502 | ||